Criteria for evaluation of waste glass/clay blocks production model

One of the ways to solve the problem of waste mixed packaging glass recycling is to use glass packaging as a secondary raw material to obtain a new product - a block of clay with a certain mass fraction of crushed glass. The paper describes the criteria that are very useful for the analysis of the i...

Teljes leírás

Elmentve itt :
Bibliográfiai részletek
Szerzők: Mirosavljević Zorica
Micunovic Milana Ilic
Testületi szerző: International Symposium on Analytical and Environmental Problems (27.) (2021) (Szeged)
Dokumentumtípus: Könyv része
Megjelent: University of Szeged Szeged 2021
Sorozat:Proceedings of the International Symposium on Analytical and Environmental Problems 27
Kulcsszavak:Hulladékanyagok - hasznosítás, Üveg
Tárgyszavak:
Online Access:http://acta.bibl.u-szeged.hu/76010
LEADER 01513naa a2200241 i 4500
001 acta76010
005 20220808154022.0
008 220601s2021 hu o 1|| eng d
020 |a 978-963-306-835-9 
040 |a SZTE Egyetemi Kiadványok Repozitórium  |b hun 
041 |a eng 
100 1 |a Mirosavljević Zorica 
245 1 0 |a Criteria for evaluation of waste glass/clay blocks production model  |h [elektronikus dokumentum] /  |c  Mirosavljević Zorica 
260 |a University of Szeged  |b Szeged  |c 2021 
300 |a 373-375 
490 0 |a Proceedings of the International Symposium on Analytical and Environmental Problems  |v 27 
520 3 |a One of the ways to solve the problem of waste mixed packaging glass recycling is to use glass packaging as a secondary raw material to obtain a new product - a block of clay with a certain mass fraction of crushed glass. The paper describes the criteria that are very useful for the analysis of the impact on the environment and the analysis of the economic factor when applying the model of the use of waste glass packaging, as a secondary resource in the production of clay blocks. 
650 4 |a Műszaki és technológiai tudományok 
650 4 |a Környezeti biotechnológia 
695 |a Hulladékanyagok - hasznosítás, Üveg 
700 0 1 |a Micunovic Milana Ilic  |e aut 
710 |a International Symposium on Analytical and Environmental Problems (27.) (2021) (Szeged) 
856 4 0 |u http://acta.bibl.u-szeged.hu/76010/1/proceedings_of_isaep_2021_373-375.pdf  |z Dokumentum-elérés